000 00866nam a22002657a 4500
001 BR8700798
003 BR-BrBNA
005 20230928092353.0
007 ta
008 230509b bl.||||| |||| 00| 0 por d
040 _aBR-BrBNA
_bpor
_cBiblioteca Nacional de Agricultura
041 _a(Por)
072 _aE14
_b/G514
090 _ E14 BR8700798
100 1 _aValle, R.O.A. do
110 1 _aUniversidade Federal da Paraiba, Campina Grande (Brasil)
_910750
245 1 _aUm informe do desenvolvimento rural integrado: o Polonordeste
260 3 _aCampina Grande, PB (Brasil):
_c1977.
300 _a30 p.
500 _a(*) Documento disponível no(a) UFPB, Campina Grande, PB (Brazil). Centro de Ciencias e Tecnologia
650 _aPROJETO DE DESENVOLVIMENTO
650 _aDESENVOLVIMENTO AGRICOLA
909 _a202309
_bLucia
_c55
_dLucia Elande
942 _cBK
999 _c38628
_d38628